LEADER 00884nam a22002533i 4500 001 991000400429707536 005 20031220133030.0 008 040204s1986 it |||||||||||||||||ita 035 $ab12610343-39ule_inst 035 $aARCHE-061754$9ExL 040 $aDip. SSC$bita$cA.t.i. Arché s.c.r.l. Pandora Sicilia s.r.l. 082 04$a832.8 100 1 $aSchnitzler, Arthur$0320902 245 10$aAnatol /$cArthur Schnitzler ; a cura di Paolo Chiarini 260 $aTorino :$bEinaudi,$c1986 300 $a88 p. ;$c18 cm 440 0$aCollezione di teatro ;$v285 700 1 $aChiarini, Paolo 907 $a.b12610343$b02-04-14$c12-02-04 912 $a991000400429707536 945 $aLE021 LETTDRAM13C7$g1$iLE021-6863$lle021$o-$pE0.00$q-$rl$s- $t0$u0$v0$w0$x0$y.i13092315$z12-02-04 996 $aAnatol$999826 997 $aUNISALENTO 998 $ale021$b12-02-04$cm$da $e-$fita$git $h0$i1